| 000 | 00771nam a2200217 i 4500 | ||
|---|---|---|---|
| 001 | 187785 | ||
| 003 | ES-MaACL | ||
| 005 | 20250323192215.0 | ||
| 008 | 180221s1961 sp |||| | spa d | ||
| 100 | 0 |
_aCollins, George R. _939732 |
|
| 245 | 1 | 0 |
_aAntonio Gaudí / _cpor George R. Collins ; [versión... de Víctor Scholz ; edición... revisada por Luis M. Aragó]. |
| 260 |
_aBarcelona : _bBruguera, _c[1961] |
||
| 300 |
_a151 p., lám. 1-107 : _bil. ; _c26 cm. |
||
| 490 | 1 | _aMaestros de la Arquitectura Mundial | |
| 600 | 1 | 4 |
_aGaudí, Antoni, _d1852-1926 _955994 |
| 700 | 1 |
_aScholz, Víctor. _9104643 |
|
| 700 | 0 |
_aAragó, Luis María. _922167 |
|
| 830 | 0 |
_aMaestros de la Arquitectura Mundial _9192833 |
|
| 852 |
_aES-MaACL _jE-3957 |
||
| 999 |
_c187785 _d187785 |
||